000 00293nam a22001337a 4500
008 170420b xxu||||| |||| 00| 0 eng d
020 _a00609136301186
041 _aeng
080 _a573
100 _a11
101 _aSHM
245 _aON BECOMING A BIOLOGIST
_cJANOVY, J
942 _2udc
_cBK
999 _c11362
_d11362